[Event "86th UKR-ch Men 2017"]
[Site "Zhytomyr"]
[Date "2017.12.07"]
[Round "2"]
[White "Grinev, Valeriy"]
[Black "Gasanov, Eldar"]
[Result "1-0"]
[WhiteElo "2409"]
[BlackElo "2488"]
[Annotator "TA"]
[PlyCount "101"]
[EventDate "2017.??.??"]
[EventType "tourn"]
[EventCountry "UKR"]
[SourceTitle "playchess.com"]
[Source "ChessBase"]
[SourceQuality "1"]

{[%evp 28,101,0,1,52,33,45,43,47,-18,-17,-14,-8,0,0,0,0,0,0,0,0,0,34,17,135,137,392,350,356,270,252,255,258,230,293,299,297,306,302,295,303,304,291,227,465,411,487,403,485,475,567,568,501,516,578,568,518,463,456,445,454,423,570,563,481,335,316,0,596,596,595,583,622,612,638,637]} 1. Nf3 Nf6 2. c4 e6 3. Nc3 d5 4. d4 c6 5. g3 Nbd7 6. Bg2 dxc4 7. O-O Be7 8. e4 O-O 9. Bf4 Re8 10. a4 a5 11. Qe2 {E07: Closed Catalan: Main Line (5 Nf3 0-0 6 0-0 Nbd7)} b6 12. Nd2 Ba6 13. Rfd1 Bf8 14. Nxc4 Nd5 15. Bd2 {LiveBook: 5 Games} ({Of course not} 15. exd5 exd5 16. Qc2 Bxc4 $17) 15... Nb4 ({Black should try} 15... Rc8 $11) 16. Be3 Nf6 17. Rac1 {[#]} Nfd5 $146 ({Predecessor:} 17... Rc8 18. f3 Qc7 {½-½ (33) Illescas Cordoba,M (2601)-Alonso Rosell,A (2501) Arenal d'en Castell 2011}) 18. Bf1 (18. Bd2 $1 $14) 18... Bxc4 $11 19. Qxc4 Nxe3 20. fxe3 Qg5 21. Qe2 $1 e5 22. Qf2 Re6 23. Bc4 Rf6 24. Qe2 Rd8 25. Kg2 {[#] Black must now prevent h4.} Rfd6 (25... exd4 $11 {keeps the balance.} 26. exd4 Be7) 26. Rf1 $16 {aiming for Rf5.} g6 $2 {[%mdl 8192]} (26... R8d7 $16 {is a better defense.}) 27. Rxf7 $18 Kh8 28. h4 Qh6 29. d5 $40 {[%mdl 128] White wants a kill.} Bg7 30. Rcf1 Qh5 31. Qxh5 gxh5 32. R1f5 Nc2 33. Kf3 Rh6 34. Rc7 Nb4 35. Rff7 Rg6 $2 (35... Rf8 {was called for.} 36. Rf5 Rd6 37. dxc6 Nxc6) 36. dxc6 Nxc6 {[#]} 37. Rxg7 $1 {[%mdl 512]} Rxg7 38. Rxc6 Rg6 39. Rxg6 hxg6 40. Nd5 Rd6 41. g4 Kg7 42. gxh5 gxh5 43. Bb5 Kf7 44. Kf2 Rh6 45. Be2 Kg7 46. Ne7 Kf8 47. Nd5 $2 (47. Nf5 $18 Rc6 48. b3) 47... Rc6 $2 {[%mdl 8192]} (47... Kg7 $1 $11 48. b3 Kf8) 48. b3 {White is clearly winning.} Rh6 49. Ke1 Ke8 50. Bxh5+ Kd8 51. Bf3 {Precision: White = 78%, Black = 33%.} 1-0

[Event "86th UKR-ch Men 2017"]
[Site "Zhytomyr"]
[Date "2017.12.07"]
[Round "2"]
[White "Vypkhaniuk, Ihor"]
[Black "Bernadskiy, Vitaliy"]
[Result "0-1"]
[WhiteElo "2336"]
[BlackElo "2583"]
[Annotator "TA"]
[PlyCount "86"]
[EventDate "2017.??.??"]
[EventType "tourn"]
[EventCountry "UKR"]
[SourceTitle "playchess.com"]
[Source "ChessBase"]
[SourceQuality "1"]

{[%evp 10,85,16,-13,25,28,27,30,58,54,62,54,58,56,64,60,53,19,27,-18,0,0,0,-23,-23,-34,0,0,0,-76,-66,-64,-70,-69,-63,-58,-37,-36,-47,-92,-65,-105,-95,-91,-79,-125,-120,-161,-140,-157,-156,-216,-216,-460,-460,-428,-424,-494,-462,-404,-422,-29966,-12850,-5177,-3858,-2100,-1839,-29986,-29987,-29992,-29993,-29993,-29994,-29994,-29995,-29998,-29999,-29999]} 1. Nf3 d5 2. g3 e6 3. Bg2 Nf6 4. O-O c5 5. d4 b5 (5... cxd4 6. Nxd4 Be7 7. c4 O-O 8. cxd5 Nxd5 9. b3 Qa5 10. Bb2 Rd8 11. Qd2 Bb4 12. Qc2 Bd7 13. a3 Bf8 14. b4 Qa6 15. Nc3 Nxc3 16. Bxc3 Rc8 {1-0 (28) Meier,G (2655)-Rodshtein,M (2699) Heraklio 2017}) 6. b3 {LiveBook: 17 Games. D02: 1 d4 d5 2 Nf3 sidelines, including 2...Nf6 3 g3 and 2...Nf6 3 Bf4} Ba6 7. c4 bxc4 8. bxc4 {White has an edge.} Bxc4 9. Ne5 Bb5 10. Nc3 a6 11. a4 ({Don't play} 11. Nxb5 axb5 12. dxc5 Bxc5 $15) 11... Bc6 $146 ({Predecessor:} 11... cxd4 12. Nxd5 Nxd5 13. axb5 {½-½ (22) Beltramini,J (2250)-Schweber,S (2345) Buenos Aires 1995}) 12. e4 dxe4 13. Nxc6 (13. dxc5 {seems wilder.} Bd5 14. Nxd5 exd5 15. Bg5 Nbd7 16. Nxd7 Qxd7 17. Bxf6 gxf6 18. Qd4) 13... Nxc6 14. Nxe4 Nxe4 15. Bxe4 Nxd4 16. Bxa8 Qxa8 17. Ra3 Qd5 18. Bb2 c4 19. Re3 (19. Bxd4 $11 Bxa3 20. Qg4) 19... Bc5 $17 20. Qg4 {Strongly threatening Bxd4.} O-O $1 21. Qe4 Rd8 22. Rc1 h6 $36 {[%mdl 2048] Black fights for an advantage.} 23. Bxd4 Bxd4 ({Much weaker is} 23... Qxd4 $6 24. Rxc4 Qd6 25. Rec3 $16) 24. Re2 c3 (24... Qc5 {with more complications.} 25. Qb7 Rd6 26. Qa8+ Kh7 27. Qf3 f5) 25. Kg2 Qxe4+ (25... Qc5 {is more complex.} 26. Rec2 g6 27. Rb1 h5 28. Rb7 Qc4) 26. Rxe4 {[%mdl 4096] Endgame [#] KRR-KRB} e5 $1 27. g4 Rb8 28. Rc2 f6 29. Kf3 Kf7 30. Ke2 (30. Re1 $17) 30... Ke6 $19 31. f4 $2 (31. Kd3 {was necessary.}) 31... Kd5 32. Kd3 Rb1 {aiming for ...Rd1+.} 33. fxe5 fxe5 34. Rce2 Ra1 35. Rc2 {[#]} (35. g5 $19 Rxa4 36. Rh4) 35... Rd1+ 36. Ke2 Kxe4 37. Kxd1 {KR-KB} Kd3 38. h4 Be3 {Black mates.} 39. g5 Bd2 40. gxh6 e4 {[%cal Be5e4,Be4e3,Be3e2][%mdl 32]} 41. hxg7 e3 {[%csl Gd3][%cal Re3e2]} 42. Rxd2+ cxd2 {[%csl Gd3][%cal Re3e2]} 43. g8=Q e2# {Precision: White = 43%, Black = 77%.} 0-1

[Event "86th UKR-ch Men 2017"]
[Site "Zhytomyr"]
[Date "2017.12.08"]
[Round "3"]
[White "Vovk, Andriy"]
[Black "Vypkhaniuk, Ihor"]
[Result "1-0"]
[WhiteElo "2634"]
[BlackElo "2336"]
[Annotator "TA"]
[PlyCount "121"]
[EventDate "2017.??.??"]
[EventType "tourn"]
[EventCountry "UKR"]
[SourceTitle "playchess.com"]
[Source "ChessBase"]
[SourceQuality "1"]

{[%evp 19,121,46,45,39,35,29,41,41,51,2,22,23,33,29,33,12,12,12,9,11,15,14,18,14,16,9,12,0,0,0,13,13,13,6,16,8,8,8,8,8,21,4,0,0,0,-25,21,0,0,0,0,0,0,0,19,8,8,8,35,35,34,35,35,31,58,8,11,8,26,41,50,51,41,22,22,22,51,56,60,43,49,33,66,68,85,85,89,68,76,76,76,71,76,76,135,126,128,121,1509,1415,4914,4898,29983,29984]} 1. e4 c5 2. Nf3 Nc6 3. d4 cxd4 4. Nxd4 e5 5. Nb5 a6 6. Nd6+ Bxd6 7. Qxd6 Qe7 8. Qxe7+ Ngxe7 9. c4 {B32: Sicilian: Löwenthal and Kalashnikov Variations} (9. Nc3 d5 10. Bd2 Be6 11. O-O-O O-O-O 12. f3 Kc7 13. b3 f6 14. exd5 Nxd5 15. Nxd5+ Rxd5 16. Bd3 h6 17. Be4 Rd7 18. Bc3 {½-½ (73) Carlsen,M (2837)-Radjabov,T (2788) Astana 2012}) 9... Nd4 10. Bd3 d6 {LiveBook: 4 Games} 11. Be3 {White is slightly better.} Nec6 12. Nc3 f5 13. Nd5 {[#] aiming for Nc7+.} O-O 14. Rc1 $146 ({Predecessor:} 14. f3 fxe4 15. fxe4 Bg4 16. Kd2 Ne6 {1-0 (48) Zawadzka,J (2430)-Gaponenko,I (2402) Wroclaw 2015}) 14... fxe4 (14... f4 $5 {[%cal Rf4e3]} 15. Bxd4 Nxd4 $11) 15. Bxe4 Bf5 16. Bxf5 Nxf5 17. Kd2 Nce7 18. Nb6 Rae8 19. f3 Nxe3 20. Kxe3 Nf5+ 21. Kd3 Nh4 22. Rc2 Rf4 23. Re1 Rd4+ 24. Kc3 Kf7 25. Re4 Nf5 26. Rce2 h5 27. a4 Rd1 28. Re1 Rxe1 29. Rxe1 $11 {[%mdl 4096] Endgame KRN-KRN} Ke6 30. b4 g5 31. b5 axb5 32. cxb5 d5 33. a5 Nd4 34. Rb1 Kd6 35. a6 bxa6 36. bxa6 Nc6 37. Rb5 Na7 $1 {[%cal Ra7b5]} 38. Ra5 e4 39. fxe4 ({But not} 39. Rxd5+ Kc6 $11) 39... Rxe4 40. Nxd5 {Nf6 is the strong threat.} Re2 41. g3 {Threatens to win with Nb4.} Rxh2 42. Nf6 h4 43. g4 Kc6 44. Rxg5 Kb6 45. Kd4 Nc6+ 46. Kd5 Rd2+ 47. Ke4 Kxa6 48. Rh5 Re2+ 49. Kd5 Kb6 50. Kd6 Nd4 51. Rxh4 Re6+ 52. Kd5 Nf3 53. Rh6 Re5+ 54. Kd6 {[#] Black must now prevent Nd7+.} Re1 55. Rh3 Rf1 56. Nd5+ Kb5 ({Better is} 56... Ka6 57. Ne3 Rf2) 57. Ne3 $16 Rf2 58. Rh5+ Kb4 $2 {[%mdl 8192]} (58... Ka6 $16 59. Rf5 Rd2+ 60. Kc5 Nh4) 59. Rf5 $18 Kb3 60. Ke7 Kb2 61. Nd1+ {Precision: White = 52%, Black = 57%.} 1-0

[Event "86th UKR-ch Men 2017"]
[Site "Zhytomyr"]
[Date "2017.12.08"]
[Round "3"]
[White "Kovchan, Alexander"]
[Black "Grinev, Valeriy"]
[Result "1-0"]
[WhiteElo "2592"]
[BlackElo "2409"]
[Annotator "TA"]
[PlyCount "71"]
[EventDate "2017.??.??"]
[EventType "tourn"]
[EventCountry "UKR"]
[SourceTitle "playchess.com"]
[Source "ChessBase"]
[SourceQuality "1"]

{[%evp 28,71,28,25,24,24,37,24,24,27,28,22,30,35,27,25,39,25,54,31,36,36,52,14,9,14,10,4,8,8,13,17,37,33,41,12,88,20,20,20,20,20,20,20,20,20]} 1. e4 c5 2. Nf3 e6 3. d4 cxd4 4. Nxd4 Nc6 5. Nc3 Qc7 6. Be2 a6 7. O-O Nf6 8. Be3 {[%cal Bc1e3,Be3d4,Bd4e5][%mdl 32]} Bb4 9. Na4 Be7 10. Nxc6 bxc6 11. Nb6 Rb8 12. Nxc8 Qxc8 13. Bd4 c5 14. Be5 Rb6 15. Qd3 d6 {B49: Sizilianisch (Paulsen-Variante)} 16. Bc3 O-O 17. b3 (17. Rad1 Qc6 18. e5 Nd5 19. Bf3 c4 20. Qd2 dxe5 21. Bxe5 Rd8 22. b3 Rb5 23. bxc4 Qxc4 {1-0 (88) Ponomariov,R (2709)-Neiksans,A (2631) Tallinn 2016}) 17... Qc6 {Weiß hat minimalen Vorteil.} 18. Bf3 Nd7 19. Qe3 c4 20. Bd4 Rbb8 21. Be2 cxb3 22. axb3 $146 ({Vorgänger:} 22. cxb3 Rfc8 23. Rac1 {0-1 (33) Fataliyeva,U (2301)-Hapala,E (2227) Mamaia 2016}) 22... Bf6 23. Bxf6 Nxf6 24. Bd3 Rb6 25. e5 Nd5 26. Qe4 {[%csl Gd3][%cal Re4h7] [#]} g6 27. exd6 Nb4 28. Rfd1 {Schwarz muss nun Dxc6 beachten.} Qxd6 29. Bc4 Qc7 30. h4 h5 31. g3 (31. Rd2 {with more complications.} Rc6 32. Bxe6 Rxe6 33. Qxb4 Rfe8 34. Rf1) 31... Rd8 (31... Rc6 $11) 32. Bxe6 ({Besser ist} 32. Rxd8+ $16 Qxd8 33. Bxe6) 32... Rxd1+ $11 {Die Stellung ist ausgeglichen.} 33. Rxd1 {[#] Weiss droht Dxg6+ und Matt.} Rxe6 34. Qxb4 Qxc2 35. Rd8+ Kh7 36. Qd4 {[%mdl 32768] Precision: Weiß = 76%, Schwarz = 78%. . Loss on Time!?} 1-0

[Event "86th UKR-ch Men 2017"]
[Site "Zhytomyr"]
[Date "2017.12.08"]
[Round "3"]
[White "Bernadskiy, Vitaliy"]
[Black "Onischuk, Vladimir"]
[Result "1/2-1/2"]
[WhiteElo "2583"]
[BlackElo "2637"]
[Annotator "TA"]
[PlyCount "66"]
[EventDate "2017.??.??"]
[EventType "tourn"]
[EventCountry "UKR"]
[SourceTitle "playchess.com"]
[Source "ChessBase"]
[SourceQuality "1"]

{[%evp 16,66,41,44,37,29,29,29,33,17,31,0,-4,-8,-8,-8,-9,-10,-1,-15,-15,-12,-10,-11,-12,-39,-31,-24,-13,-48,-50,-60,-65,-84,-53,-53,-56,-54,-73,-72,-15,-23,-23,-25,-25,-25,-25,-22,-16,-18,-14,-16,-2]} 1. e4 d6 2. d4 Nf6 3. Nc3 g6 4. Nf3 Bg7 5. Be2 O-O 6. O-O c6 7. a4 Nbd7 8. a5 Qc7 9. Be3 e5 {B08: Pirc Defence: Classical System} 10. h3 exd4 11. Bxd4 ({Of course not} 11. Qxd4 Ng4 $15) 11... Re8 {White has an edge.} 12. Bc4 Ne5 (12... Nf8 13. Re1 Be6 14. Bf1 N8d7 15. Ng5 a6 16. Qd2 c5 17. Be3 {1-0 (58) Tomashevsky,E (2702)-Radjabov,T (2741) Palma de Mallorca 2017}) 13. Bb3 $146 ({Predecessor:} 13. Nxe5 dxe5 14. Be3 Nh5 15. Qf3 Nf4 {0-1 (47) Valsecchi,A (2422)-Pancevski,F (2513) Forni di Sopra 2013}) 13... Be6 14. Bxe6 Nxf3+ 15. Qxf3 Rxe6 16. Qd3 Rae8 17. Bxa7 Nxe4 18. Bd4 Bxd4 19. Qxd4 d5 {[%cal Bd6d5,Bd5d4][%mdl 32]} 20. a6 bxa6 21. Rxa6 Qb7 22. Ra2 Nd6 {[%cal Be4d6,Bd6f5,Bf5h4][%mdl 32]} 23. b3 Nf5 24. Qd3 d4 25. Nb1 {[%cal Bc3b1,Bb1d2,Bd2f3][%mdl 32]} c5 {Hoping for ...Re2.} 26. Nd2 Nh4 {[%csl Gh4][%cal Rb7g2]} 27. Qg3 {[#]} g5 $1 {[%mdl 512]} 28. Ra5 (28. Qxg5+ Rg6) 28... h6 29. Nf3 $1 {[%cal Rf3h4]} Nxf3+ 30. Qxf3 Qxf3 31. gxf3 Rc8 {The position is equal.} 32. Ra4 Rd8 33. Rd1 Rd5 {Precision: White = 59%, Black = 72%.} 1/2-1/2

[Event "86th UKR-ch Men 2017"]
[Site "Zhytomyr"]
[Date "2017.12.08"]
[Round "3"]
[White "Shevchenko, Kirill"]
[Black "Golubka, Petro"]
[Result "0-1"]
[WhiteElo "2547"]
[BlackElo "2475"]
[Annotator "TA"]
[PlyCount "154"]
[EventDate "2017.??.??"]
[EventType "tourn"]
[EventCountry "UKR"]
[SourceTitle "playchess.com"]
[Source "ChessBase"]
[SourceQuality "1"]

{[%evp 18,154,18,22,23,12,25,30,26,16,38,41,67,59,72,29,47,50,77,37,45,29,36,29,29,40,35,28,52,37,54,37,50,47,43,40,47,21,22,14,15,0,71,77,143,138,205,16,62,32,261,81,182,-21,-39,-25,-9,-61,0,-68,-59,-75,-84,-97,-83,-150,-121,-345,-296,-290,-285,-298,-290,-289,-288,-324,-158,-149,-168,-166,-166,-166,-159,-166,-166,-161,-156,-172,-179,-158,-165,-512,-464,-420,-214,-301,-301,-297,-296,-283,-270,-643,-637,-1688,-286,-1081,-4699,-2556,-2414,-2170,-2151,-11655,-8626,-5903,-5915,-4906,-8695,-3516,-2046,-2877,-1827,-29967,-29970,-29978,-29979,-29979,-29980,-29980,-29981,-29981,-29980,-29982,-29979,-29986,-29985,-29985,-29986,-29986,-29987]} 1. e4 c5 2. Nf3 d6 3. d4 cxd4 4. Nxd4 Nf6 5. Nc3 a6 6. h3 e6 7. g4 d5 8. exd5 Nxd5 9. Nde2 {[%cal Bd4e2,Be2c3,Bc3e4,Be4d6][%mdl 32]} Bb4 10. Bg2 O-O {B81: Sizilianisch (Keres-Angriff)} 11. O-O {[%cal Rc3d5]} Nxc3 12. Nxc3 Qc7 {Weiß hat minimalen Vorteil.} 13. Qf3 (13. Qd4 Nc6 14. Bxc6 Bxc3 15. Qxc3 bxc6 16. Be3 e5 17. Rae1 Bd7 18. Bc5 {½-½ (62) Fedoseev,V (2665)-Kokarev,D (2636) Novosibirsk 2016}) 13... Nc6 14. Bf4 Bd6 15. Bxd6 Qxd6 16. Ne4 (16. Rad1 {looks sharper.} Qe7 17. Rfe1 Bd7 18. Ne4 Rfd8 19. Nd6) 16... Qb4 $146 ({Vorgänger:} 16... Qe7 17. Rad1 e5 18. c3 {0-1 (84) Tokhirjonova,G (2297)-Wynn,Z (2405) Ho Chi Minh City 2017}) 17. Qb3 Qxb3 18. cxb3 Nd4 19. Nd6 Rb8 20. Rad1 Ne2+ $1 21. Kh2 {Droht f4 und aus.} Nf4 22. Bf3 b6 23. Kg3 e5 24. Nc4 f6 25. Rd6 $36 {[%mdl 2048] Weiss hat Druck.} b5 26. Na5 h5 27. Rc1 hxg4 28. hxg4 Be6 29. Rcc6 Kf7 (29... Rbe8 $11 {bleibt in der Remisbreite.}) 30. Rc7+ $16 Kg6 (30... Kg8 $142) 31. Nc6 ({Finger weg von} 31. Rxa6 $6 Rbc8 $14) 31... Rbe8 {[#]} (31... Rh8 $16 32. Be4+ Kg5 33. Rxg7+ Kh6) 32. Be4+ $2 (32. Nd4 $1 $18 {[%mdl 512]}) 32... Kh6 33. Nd4 g6 $2 (33... exd4 $14 34. Kxf4 Bxg4) 34. Rxa6 $2 (34. Bc6 $18) 34... Bd5 (34... f5 $16 {war einen Versuch wert.} 35. Nxe6 Rxe6 36. Rxe6 Nxe6) 35. g5+ $2 (35. Bxd5 $18 Nxd5 36. Rd7 (36. Nxb5 Nxc7 37. Nxc7 Rd8 $15)) 35... Kxg5 $11 36. Nf3+ Kh6 37. Raa7 (37. Bxd5 $11 Nxd5 38. Rb7) 37... Bg8 (37... Rh8 $1 $15 38. Bxd5 Nxd5) 38. Bc6 (38. a4 $1 $11) 38... Rd8 39. Rd7 b4 40. Nd2 Rxd7 41. Bxd7 ({Lieber} 41. Rxd7 Be6 42. Rd6) 41... Bd5 42. Bg4 $2 (42. Bb5 $17) 42... Rd8 43. Rd7 Ra8 44. Bf3 Bxf3 45. Kxf3 Rxa2 $19 {[%mdl 4096] Endspiel KTS-KTS} 46. Ne4 Nh5 ({Nicht} 46... Rxb2 47. Nxf6 Kg5 48. Ne4+ Kf5 49. Rf7+ Ke6 50. Rf6+ Ke7 51. Rb6 $17) (46... f5 $19 {ist viel giftiger.} 47. Nd6 Kg5) 47. Nd6 $17 Kg5 $1 48. Ne4+ Kf5 49. Rb7 Rxb2 50. Rxb4 g5 $1 {[%cal Bg6g5,Bg5g4][%mdl 32]} 51. Nd6+ Kg6 $1 52. Rb6 {[#]} g4+ $1 {[%mdl 512]} 53. Kxg4 Rxf2 {zielt auf ...e4! ab.} 54. Rb8 $2 (54. Kh3 {ist zäher.}) 54... f5+ $19 55. Kh3 Rc2 (55... e4 $142 56. Nb5 Nf4+ 57. Kh4 e3) 56. b4 (56. Rb6 {kämpft weiter.}) 56... Nf4+ 57. Kg3 Rc3+ 58. Kf2 {[#]} Rc6 $1 {[%cal Rc6d6]} 59. Nc8 $2 (59. Nb5) 59... Rc2+ 60. Kf3 Rc3+ 61. Kf2 e4 {( -> ...e3+)} 62. Ne7+ Kf6 63. Ng8+ Kg5 64. Re8 Rf3+ 65. Ke1 e3 66. Re7 Ng2+ 67. Kd1 Rf1+ 68. Kc2 Rf2+ 69. Kc3 e2 {Schwarz setzt Matt.} 70. b5 e1=Q+ 71. Rxe1 Nxe1 72. Ne7 Rc2+ 73. Kd4 Rb2 74. Kc5 Nd3+ 75. Kc6 Ne5+ 76. Kc5 f4 {[%cal Bf5f4,Bf4f3][%mdl 32]} 77. Nd5 f3 {Precision: Weiß = 41%, Schwarz = 58%.} 0-1

[Event "86th UKR-ch Men 2017"]
[Site "Zhytomyr"]
[Date "2017.12.08"]
[Round "3"]
[White "Neverov, Valeriy"]
[Black "Oleksiyenko, Mykhaylo"]
[Result "1/2-1/2"]
[WhiteElo "2496"]
[BlackElo "2615"]
[Annotator "TA"]
[PlyCount "103"]
[EventDate "2017.??.??"]
[EventType "tourn"]
[EventCountry "UKR"]
[SourceTitle "playchess.com"]
[Source "ChessBase"]
[SourceQuality "1"]

{[%evp 9,103,-46,25,26,26,27,25,31,36,37,20,24,48,28,43,0,74,68,81,69,71,58,70,70,86,52,78,81,89,78,90,72,80,80,84,87,70,85,91,77,83,81,77,76,81,75,90,92,82,100,93,76,75,83,77,82,83,53,49,52,56,35,80,84,131,10,10,10,10,10,10,10,10,8,8,8,8,8,47,8,51,51,51,51,52,43,43,43,43,43,43,59,299,8,8,8]} 1. Nf3 Nf6 2. c4 e6 3. g3 d5 4. Bg2 d4 5. b4 c5 ({Better is} 5... Bxb4 $15 6. Qa4+ Nc6) 6. bxc5 $11 {A13: English Opening: 1...e6} (6. O-O cxb4 7. a3 Nc6 8. d3 a5 9. axb4 Bxb4 10. Ba3 Bd7 11. Bxb4 axb4 12. Nbd2 O-O 13. Ne1 {½-½ (22) Howell,D (2640)-Fridman,D (2626) Germany 2017}) 6... Bxc5 7. Ba3 Bxa3 $146 ({Predecessor:} 7... Qd6 8. Qa4+ Nfd7 9. Ng5 O-O 10. Ne4 Qc7 11. Nxc5 Nxc5 12. Qc2 e5 13. d3 {½-½ (60) Merkesvik,S (2258)-Haug,J (2311) Drammen 2017}) 8. Qa4+ {White has an edge.} Nc6 9. Qxa3 e5 10. O-O Qe7 11. d3 Bf5 12. Nfd2 Rc8 {[#]} (12... Nb4 $11 {keeps the balance.}) 13. Qxe7+ $1 $16 Kxe7 14. Na3 Bg4 15. Rae1 Nd7 16. f4 f6 17. Nc2 Rhd8 18. fxe5 Ndxe5 19. Nb3 Be6 20. Nc5 Rc7 21. Nxe6 Kxe6 22. Bd5+ Ke7 23. Rf4 g5 24. Re4 f5 25. Rxe5+ Nxe5 26. Nxd4 Re8 27. Rf1 f4 28. gxf4 gxf4 29. Rxf4 a6 30. Rh4 Kf6 31. Rh6+ Ng6 32. Kf2 b5 33. Rh3 Ne5 {[%cal Rb5c4]} 34. cxb5 axb5 35. Bb3 b4 36. Rh6+ Kg5 37. Re6 (37. Rb6 $16) 37... Rf7+ $1 $11 38. Nf3+ Rxf3+ $1 39. exf3 Rxe6 $1 40. Bxe6 {[%mdl 4096] Endgame KB-KN} Kf4 $1 41. d4 Nxf3 42. d5 Nd4 43. Bg8 Ke5 (43... b3 {feels hotter.} 44. axb3 Nxb3 45. Kf1 Ke5 46. d6 Nc5) 44. Bxh7 {[#] Bg8 is the strong threat.} (44. d6 $5 {[%cal Rd6d7]} Kxd6 45. Bxh7 $16) 44... Kxd5 45. Bd3 Ke5 46. Ke3 {And now h4 would win.} Ne6 47. h4 {[%cal Bh2h4,Bh4h5,Bh5h6,Bh6h7][%mdl 32] Black must now prevent h5.} Nc5 $1 48. Bc2 {Threatens to win with h5.} Ne6 49. h5 Nf4 50. h6 {Strongly threatening h7.} Nd5+ 51. Kf3 $2 (51. Kd2 $18 {Hoping for h7.} Kf6 52. Kc1) 51... Kf6 52. h7 {Precision: White = 65%, Black = 80%.} 1/2-1/2

[Event "86th UKR-ch Men 2017"]
[Site "Zhytomyr"]
[Date "2017.12.08"]
[Round "3"]
[White "Gasanov, Eldar"]
[Black "Frolov, Artur"]
[Result "1-0"]
[WhiteElo "2488"]
[BlackElo "2416"]
[Annotator "TA"]
[PlyCount "59"]
[EventDate "2017.??.??"]
[EventType "tourn"]
[EventCountry "UKR"]
[SourceTitle "playchess.com"]
[Source "ChessBase"]
[SourceQuality "1"]

{[%evp 17,59,30,40,43,38,39,44,50,43,43,43,11,17,4,12,0,2,0,0,0,0,0,8,0,92,13,8,0,465,480,458,446,475,437,590,580,760,753,6131,5831,29991,29992,29992,29993]} 1. d4 Nf6 2. Nf3 g6 3. g3 Bg7 4. Bg2 d5 5. O-O c6 6. Nbd2 O-O 7. b3 Ne4 8. Bb2 f5 9. c4 e6 10. Ne5 {A11: English Opening: 1...c6} Nxd2 $146 ({Predecessor:} 10... Nd7 11. Ndf3 Qb6 12. c5 Qc7 13. Nd3 g5 14. b4 h6 15. Qc2 Ndf6 16. Nfe5 Nh5 17. f3 Nef6 {1-0 (42) Stern,R (2395)-Voekler,B (2340) Germany 1992}) 11. Qxd2 Nd7 12. Nd3 {White is slightly better.} Nb6 13. c5 Nd7 14. f3 b6 15. Rac1 Ba6 16. cxb6 Qxb6 17. Nc5 Nxc5 18. Rxc5 Rfc8 19. Rfc1 Bf8 20. e4 Rc7 ({Not} 20... Bxc5 $2 21. dxc5 Qd8 22. Qd4 $18) (20... Bb7 $11) 21. exd5 (21. Qe3 $16) 21... exd5 $11 22. f4 $36 {[%mdl 2048] [#] Black must now prevent Bxd5+! White is pushing.} Bxc5 $4 {[%mdl 8192]} (22... Rac8 $11 {and Black stays safe.}) 23. dxc5 $18 Qb7 24. Qd4 {White threatens Qh8+ and mate.} Rg7 25. Re1 Rf8 26. Re6 {Threatens to win with Rxc6!} Rff7 {[#]} 27. Rxc6 $1 {[%mdl 512]} Qb5 (27... Qxc6 28. Bxd5) 28. Rxa6 Qxa6 29. Bxd5 {[%csl Gb2][%cal Rd4g7]} Kf8 30. Bxf7 {Precision: White = 54%, Black = 44%.} 1-0